书目信息 |
| 题名: |
邓拓书法选
|
|
| 作者: | 邓拓 书 | |
| 分册: | ||
| 出版信息: | 北京 人民美术出版社 1980 |
|
| 页数: | 28页 | |
| 开本: | 25cm | |
| 丛书名: | ||
| 单 册: | ||
| 中图分类: | J292.28 | |
| 科图分类: | ||
| 主题词: | 法书--中国--现代--选集 | |
| 电子资源: | ||
| ISBN: | ||
| 000 | 00586nam0 2200229 45 | |
| 001 | 0180007323 | |
| 005 | 20061114103040.53 | |
| 010 | @dCNY0.65 | |
| 091 | @aCN@b8027.7257 | |
| 100 | @a19950628d1980 em y0chiy0121 ea | |
| 101 | 0 | @achi |
| 102 | @aCN@b110000 | |
| 105 | @ay z 000yy | |
| 200 | 10 | @a邓拓书法选@Adeng tuo shu fa xuan@f邓拓书 |
| 210 | @a北京@c人民美术出版社@d1980 | |
| 215 | @a28页@d25cm | |
| 606 | @a法书@y中国@z现代@x选集 | |
| 690 | @aJ292.28@v3 | |
| 701 | 0 | @a邓拓@Adeng tuo@4书 |
| 801 | 2 | @aCN@bNLC@c20061114 |
| 801 | 0 | @aCN@bTSSF |
| 905 | @a10447@dJ292.28@e163 | |
| 邓拓书法选/邓拓书.-北京:人民美术出版社,1980 |
| 28页;25cm |
| ISBN :CNY0.65 |
| ● |
| 相关链接 |
|
|
|
|
正题名:邓拓书法选
索取号:J292.28/163
 
预约/预借
| 序号 | 登录号 | 条形码 | 馆藏地/架位号 | 状态 | 备注 |
| 1 | 0207944 | 001207526 | 第一样本阅览室/ [索取号:J292.28/163] | 在馆 |